000 00296nam a2200109Ia 4500
008 171211s9999 xx 000 0 und d
245 _aLearning IBM Watson Analytics
245 _cJames D Miller
260 _c2016
650 _xSOFTWARE
856 _uhttp://down.ebook777.com/062/9781785880773.pdf
999 _c349331
_d349331